000 00350nam a2200133 4500
001 7956
005 20181127184749.0
090 0 0 _a006.7
245 0 0 _aProject guide /
_b
_c
_h
260 0 0 _aMumbai India ;
_bAPTECH LIMITED,
_c2010.
300 0 0 _ax, 142 pages : illustrations ; 23 cm.
650 0 0 _aWeb sites -- Design.
_x
999 _c6841
_d6841